Leadership and the art of struggle : how great leaders grow through challenge and adversity.
| Main Author: | |
|---|---|
| Format: | Book |
| Published: |
San Francisco:
Berrett - Koehler Publishers,
2013.
|
| Subjects: |
| LEADER | 00504cam a2200157 7i4500 | ||
|---|---|---|---|
| 001 | 0000030589 | ||
| 005 | 20140128090000.0 | ||
| 020 | 0 | 0 | |a 9781609946449 |
| 090 | 0 | 0 | |a B 658.4092 |b SNY |
| 100 | 1 | 0 | |a Snyder |
| 245 | 1 | 0 | |a Leadership and the art of struggle : |b how great leaders grow through challenge and adversity. |
| 260 | 0 | 0 | |a San Francisco: |b Berrett - Koehler Publishers, |c 2013. |
| 300 | # | # | |a 206 p. |
| 650 | 0 | 0 | |a Success in business |
| 650 | 0 | 0 | |a Leadership |
| 999 | |a B000033797 |b Book |c Book |e Business Information Centre | ||


